01026cam a22002651 4500001001300000003000400013005001700017008004100034010001700075035002000092040004300112042001200155050003000167051001500197100002000212245009800232260007000330300009500400440006400495500006700559650003500626650003800661740004400699999001700743gs 26000267 DLC20260227111330.0851119s1925 ii abf f000 0 eng c ags 26000267  a(OCoLC)12820777 aU. S. Geol. Survey. LibrarycTxHRdDLC apremarc00aQE295b.A4 vol. 52, pt. 1 aQE295b.J61 aJowett, Albert.10aOn the geological structure of the Karanpura coalfields, Bihar and Orissa,cby Albert Jowett. aCalcutta,bGovernment of India Central Publication Branch,c1925. aiv, 144 p. incl. illus., tables, diagrs.b14 pl. (part fold., incl. maps, diagrs.)c27 cm. 0aMemoirs of the Geological Survey of India,vvol. LII, pt. 1 aThree colored folded maps and seven folded diagrams in pocket. 0aCoalzIndiazBihar and Orissa. 0aGeologyzIndiazBihar and Orissa.0 aKaranpura coalfields, Bihar and Orissa. c26476d26476